Bencana alam di Malaysia

Bibliographic Details
Main Author: Abdul Razak Bakar
Corporate Author: Ain Darmawi
Format: Book
Published: Selangor : Grup Buku Karangkraf Sdn. Bhd , 2014
Series:Siri ehwal semasa
Subjects:

MARC

LEADER 00000cam a2200000 7i4500
001 0000069979
005 20170207.0
008 170207
020 |a 9789670340883(SET) 
020 |a 9789670340906 
090 0 0 |a 303.485   |b ABD 
100 0 |a Abdul Razak Bakar 
245 1 0 |a Bencana alam di Malaysia   |c ditulis oleh Abdul Razak Bakar, Ain Darmawi 
260 |a Selangor :   |b Grup Buku Karangkraf Sdn. Bhd ,   |c 2014 
300 |a 84 p :   |b 25.5 cm 
490 0 |a Siri ehwal semasa 
650 0 |a Natural disasters 
710 0 |a Ain Darmawi 
999 |a 0001428792   |b Book   |c Adult Collection   |e Cawangan Pontian 
999 |a 0001428793   |b Book   |c Adult Collection   |e Cawangan Taman Sri Lambak 
999 |a 0001428794   |b Book   |c Adult Collection   |e Cawangan Muar 
999 |a 0001428795   |b Book   |c Adult Collection   |e Cawangan Batu Pahat 
999 |a 0001428796   |b Book   |c Adult Collection   |e Cawangan Sri Merlong 
999 |a 0001428797   |b Book   |c Adult Collection   |e Cawangan Bukit Gambir 
999 |a 0001428798   |b Book   |c Adult Collection   |e Cawangan Bandar Tenggara 
999 |a 0001428799   |b Book   |c Adult Collection   |e Cawangan Tmn. Ungku Tun Aminah 
999 |a 0001428800   |b Book   |c Adult Collection   |e Cawangan Kota Tinggi 
999 |a 0001428801   |b Book   |c Adult Collection   |e Cawangan Bandar Penawar 
999 |a 0001428802   |b Book   |c Adult Collection   |e Cawangan Segamat 
999 |a 0001428803   |b Book   |c Adult Collection   |e Cawangan Mersing 
999 |a 0001428804   |b Book   |c Adult Collection   |e Cawangan Tangkak 
999 |a 0001432241   |b Book   |c Adult Collection   |e Perbadanan Perpustakaan Awam Johor 
999 |a 0001432242   |b Book   |c Adult Collection   |e Cawangan Urban Transformation Centre 
999 |a 0001432243   |b Book   |c Adult Collection   |e Cawangan AEON Kulaijaya